000 00332nam a2200133Ia 4500
999 _c6756
_d6756
003 OSt
008 191201s2014 xx 000 0 und d
100 _aQUINN, Jason
245 0 _aGandhi Mera Jivan Hee Mera Sandesh
260 _bKALYANI NAVYUG MEDIA PVT LTD
_c2014
300 _a205
650 _aGeneral Books
942 _2ddc
_cBK
_01